00948nam a2200241 a 450000100100000000500170001000800410002702000150006804000250008308200170010824501280012526000450025330000210029849000330031950400730035250400320042565000350045770000360049283000400052804900090056895201140057799900150069100000521920200929151618.0090818s1992 sp 000 0 spa d a8476583605 aDO-SdBNPbspacBNPHU a291.1bC913r00aCreencia y racionalidad :blecturas de filosofía de la religión /cW. P. Alston...[et.al.]. ; editor Enrique Romerales. aBarcelona, España :bAnthropos,c1992. a334 p. ;c20 cm.1 aFilosofía de la religión aIncluye referencias bibliográficas y notas al pie de las páginas aBibliografía : p. 325-328 4aReligiónxFilosofía9149031 aRomerales, Enrique,eed.914904 0aFilosofía de la religión914905 aBNPD 001050718MOaGRbGRcHDd2009-08-18iLF1l0o291.1 C913rp5219-10r2020-06-25w2020-06-25y1ZNo se presta c5020d5020